Πρmane Quizz #3 - Statistiques

Statistiques générales
  • Ce quiz a été pris 2 fois
  • Le résultat moyen est 6 sur 10
Statistiques - réponses
Question Réponse % Correct
Classique pour commencer : Y-a-t 'il plus de grains de sable sur Terre ou d'étoiles dans l'univers ?
100%
Y-a-t 'il plus de panneaux de la glorieuse République Populaire d'Auvergne Rhône Alpes dans la gare Part-Dieu ou de points pour Alpine durant la saison 2024 de F1 ?
100%
Plus gros entre Quick et Couix ?
100%
Quel évènement est le plus vieux entre la création de la première classe de prépa scientifique à Faidherbe et la Nouvelle-Zélande devenant le premier pays au monde à accorder le droit de vote aux femmes ?
100%
Est ce que Nasdas a donné plus au Zevent qu'il ne me manque de kilomètre à faire pour finir ma conduite accompagnée ?
100%
Y-a-t'il plus dede blessés côté Français lors de la bataille de Palikao durant la deuxième guerre de l'opium ou de pays qui ont été offensé par ta sauce de la mondialisation ?
50%
Quel est le plus grand entre le nombre d'objets floqué FCPE ou mon record de Z-Score of all time en TP de physique ?
50%
Y-a-t 'il eu plus de "Pute" lâché par Alkapote dans ses sons ou le nom de "Dio" prononcé dans l'anime Jojo toutes parties ?
0%
Quel est le plus long entre la Grande Muraille de Chine ou mon front digne d'un aéroport ?
0%
Y-a-t'il plus d'habitants à Faches-Thumesnil ou plus de dislike sur le première vidéo Youtube de François Bayrou pour répondre aux français ?
0%
Aucun quiz correspondant
Distribution des résultats
% des personnes avec chaque résultat
Percentile par nombre de réponses
Votre historique - résultats
Vous n’avez pas pris ce quiz